000 00570nam a2200229Ia 4500
003 OSt
005 20220924135311.0
006 a|||||r|||| 00| 0
007 ta
008 220923b |||||||| |||| 00| 0 ben d
024 _a290447
037 _cTextual
040 _aARTS
_cARTS
_bben
041 _2ben
_aben
082 _aO122,3L13,1, 157M6
100 _aDidoro
_9210031
245 0 _aAdristhobadee
260 _c1986
650 _aFRENCH LITERATURE
_913614
942 _hO122,3L13,1, 157M6
_cTEXL
_2CC
999 _c440223
_d440223